odgadnij skina w csgo po opisie - Statystyki

Ogólne statystyki
  • Ten quiz został rozwiązany 625 razy
  • Średni wynik to 6 z 20
Statystyki odpowiedzi
Zagadnienie Odpowiedź % Poprawnych
Broń została ozdobiona na zamówienie grafiką plecionego smoka. Nawet 200 kluczy nigdy nie odblokowałoby jego tajemnic. AWP | Dragon Lore
89%
Broń została ozdobiona na zamówienie wzorem bestii w psychodelicznych kolorach. Chcesz mi naprawdę zaimponować, Booth? Uczyń ten czarny kolor wrażliwym na światło. – Rona Sabri, wschodząca gwiazda M4A1-S | Hyper Beast
83%
Broń została ozdobiona na zamówienie grafiką wyjącego wilka. M4A4 | Howl
72%
Ta pamiątka z Ruins została ozdobiona grafiką z motywem ognistego węża. Jeśli chcesz przetrwać na ulicach, naucz się pluć ogniem. AK-47 | Fire Serpent
67%
Broń została pomalowana niebieskim chromowym podkładem, a następnie wieloma warstwami niebieskich farb metalicznych. Myślisz o niebieskich migdałach? M4A1-S | Blue Phosphor
50%
Broń została ozdobiona na zamówienie grafiką wodnego potwora. Glock-18 | Water Elemental
33%
Wytrzymałe, stylowe oraz z oddychającego materiału - te rękawice zostały stworzone, by wytrzymać wszystko. Rękawice Specialistyczne
33%
Broń została ozdobiona na zamówienie wzorem w kolorze złotym, na którym znajdują się różnorakie detale mające upamiętniać 20-lecie serii Counter-Strike. Toast za kolejne 20. FAMAS | Commemoration
28%
Broń została pokryta turkusowo-fioletową hydrografiką w postaci nachodzących na siebie liści. Krew na liściach. Glock-18 | Synth Leaf
28%
Ten nóż składany posiada odgięte do tyłu ostrze w stylu perskim zakończone szpicem. Flip Knife
22%
Broń została pomalowana farbą w sprayu we wzór przedstawiający paski zebry. Wszytskie powyższe skiny
22%
Poszczególne części tej broni zostały pomalowane farbą w sprayu na kolor khaki oraz czarny. To, kim był, nie zmieni tego, kim jest teraz. Nie martw się, Felix... powstrzymam go. – Paladyn i nauczyciel, część II USP-S | Para Green
17%
Broń została ozdobiona na zamówienie wzorem sportowym. AK-47 | Vulcan
11%
Broń została ozdobiona na zamówienie warstwą jasnoczerwonego podkładu oraz białym wykończeniem. Na stanowiska bojowe. Desert Eagle | Code Red
11%
Broń została anodyzowana, a następnie pomalowana farbą czarną i pomarańczową. M4A1-S | Atomic Alloy
11%
Ten nóż typu full-tang z grzbietem głowni wyposażonym w piłę jest stworzony do ciężkich zastosowań w brutalnych survivalowych sytuacjach. Bowie Knife
6%
Broń została ozdobiona na zamówienie przejaskrawionymi kolorami i różnymi kształtami. Trudno nie zauważyć – zarówno kolorów, jak i samej spluwy. Desert Eagle | Ocean Drive
6%
Broń została ozdobiona na zamówienie wzorem w postaci jaskrawego niebieskiego kota oraz żółtych i czarnych pasów. Kici, kici... MAC-10 | Stalker
6%
Broń została pomalowana czarną i srebrną farbą metaliczną z użyciem środka do marmurkowania, a następnie ją utwardzono. Zagubienie się w tym kolorze może być śmiertelne. nóż z serii doppler
0%
Ktoś znakował liczbę zabitych na lufie. Idealny prezent dla socjopaty, który posiada już wszystko... Sawed-Off | Wasteland Princess
0%
Nie znaleziono quizów pasujących do podanych kryteriów
Rozkład punktacji
Procent ludzi z każdym wynikiem
Percentyl według liczby udzielonych odpowiedzi
Twoja historia wyników
Nie rozwiązałeś tego quizu